| 000 | 01016nam a2200277 a 4500 | ||
|---|---|---|---|
| 001 | 26174 | ||
| 003 | CO-ViMGA | ||
| 008 | 141112s2004 ck r 000 u spa d | ||
| 015 | _ack - 2012 - xxxx | ||
| 020 | _a9789870408024 | ||
| 040 |
_aCO-ViMGA _bspa _cCO-ViMGA |
||
| 082 | 0 | 4 | _aANDt |
| 100 | 1 |
_aAndruetto, María Teresa, 1954 - _940842 |
|
| 245 | 1 | 0 |
_aTrenes / _cMaría Teresa Andruetto ; ilustraciones de Istvansch |
| 250 | _a1a. ed. | ||
| 260 |
_aBogotá : _bAlfaguara, _c2012 |
||
| 300 | _a28 p. : principalmente il. ; 19 cm | ||
| 490 | _aAlfaguara infantil | ||
| 500 | _aIncluye datos biográficos del autor y el ilustrador al final del texto | ||
| 521 | _aDesde 6 años | ||
| 650 | 1 | 4 |
_aCuentos infantiles argentinos - Siglo XXI _940843 |
| 700 | 1 |
_aSchritter, Istvan, ilustrador il. _940844 |
|
| 917 | _a2012 - 7035 2 ejemplares | ||
| 942 |
_2ddc _cBK |
||
| 990 | _a2012 - 7035 Distribuidora y Editora Aguilar, Altea, Taurus, Alfaguara S.A 2 ejemplares 21 20/11/2012 a830062 20/11/2012 20/11/2012 | ||
| 999 |
_c33365 _d33365 |
||